| 000 | 00552nam a2200121 a 4500 | ||
|---|---|---|---|
| 001 | 000038624 | ||
| 005 | 20201002031319.0 | ||
| 008 | 130416s2012 dr a 000 0 spa d | ||
| 040 |
_aDO-SdBNP _bspa _cBNPHU |
||
| 245 | 0 | 0 |
_aResultado de la consulta y concertación de la propuesta de estrategía nacional de desarrollo 2010-2030 : _bdocumento de consolidación de sugerencias y propuestas. |
| 260 |
_aSanto Domingo : _bMinisterio de Economía, Planificación y Desarrollo _bConsejo Nacional de Reforma del Estado, _c2012. |
||
| 300 |
_a534 p. : _bil., ; _c30 cm. |
||
| 999 |
_c38114 _d38114 |
||